New French arbitration law (Record no. 82957)

MARC details
000 -LEADER
fixed length control field 01135cad a22002055a 4500
001 - CONTROL NUMBER
control field L152401
008 - FIXED-LENGTH DATA ELEMENTS--GENERAL INFORMATION
fixed length control field 110301e20110107xxk f 000 0 eng d
035 ## - SYSTEM CONTROL NUMBER
System control number (Sirsi) u152401
041 0# - LANGUAGE CODE
Language code of text/sound track or separate title eng
110 2# - MAIN ENTRY--CORPORATE NAME
Corporate name or jurisdiction name as entry element Bryan Cave
245 00 - TITLE STATEMENT
Title New French arbitration law
Medium [electronic resource]
260 ## - PUBLICATION, DISTRIBUTION, ETC.
Date of publication, distribution, etc. 2011
490 ## - SERIES STATEMENT
Series statement Bryan Cave Briefing
Volume/sequential designation 23 February 2011
520 ## - SUMMARY, ETC.
Summary, etc. The French Government published a long-awaited decree on 14 January 2011, updating the French arbitration law for the first time since 1981. The decree modifies the Articles 1442 et seq. of the French Code of Civil Procedure (CCP). It will enter into force on 1 May 2011.
590 ## - LOCAL NOTE (RLIN)
Local note KA
651 #4 - SUBJECT ADDED ENTRY--GEOGRAPHIC NAME
Geographic name France
690 ## - LOCAL SUBJECT ADDED ENTRY--TOPICAL TERM (OCLC, RLIN)
Topical term or geographic name as entry element MANAGEMENT-DISPUTE AVOIDANCE, MANAGEMENT AND RESOLUTION-DISPUTE MANAGEMENT AND RESOLUTION-ARBITRATION
856 40 - ELECTRONIC LOCATION AND ACCESS
Uniform Resource Identifier <a href="https://www.bryancave.com/files/Publication/b86abb73-05aa-458f-995d-8ff405700ad0/Presentation/PublicationAttachment/d47dace5-d617-4aa7-9026-99c1cd6b638e/LN01DOCS-251112-v1-Publication_Briefing_ComLit%20and%20IntArb_New%20French%20Arbitration%20Law.pdf">https://www.bryancave.com/files/Publication/b86abb73-05aa-458f-995d-8ff405700ad0/Presentation/PublicationAttachment/d47dace5-d617-4aa7-9026-99c1cd6b638e/LN01DOCS-251112-v1-Publication_Briefing_ComLit%20and%20IntArb_New%20French%20Arbitration%20Law.pdf</a>
Public note View this item free of charge at www.bryancave.com
942 ## - ADDED ENTRY ELEMENTS (KOHA)
Suppress in OPAC 0
Holdings
Withdrawn status Lost status Source of classification or shelving scheme Damaged status Not for loan Home library Current library Shelving location Date acquired Total Checkouts Full call number Barcode Date last seen Copy number Price effective from Koha item type
    Dewey Decimal Classification     Virtual Virtual Online 01/03/2011   ONLINE PUBLICATION 152401-2001 06/08/2019 1 06/08/2019 Book